| 000 | 00310 a2200121 4500 | ||
|---|---|---|---|
| 040 |
_aDLC _bDLC |
||
| 100 | _aHadi, S. S. | ||
| 245 |
_aDil ki baat _cS. S. Hadi _h[Urdu] |
||
| 260 |
_aIslamabad : _bMazil Publications, _c2009. |
||
| 300 |
_a146 p. ; _c24 cm. |
||
| 650 | _aUrdu--Poetry | ||
| 942 |
_cBK _k891.4391 HAD _2ddc |
||
| 999 |
_c10156 _d10156 |
||